Clique no país sede das cias aéreas - Statistics

Estatísticas Gerais
  • Esse quiz foi jogado 72 vezes
  • A pontuação média é 13 de 57
Respostas no mapa
Respostas codificadas por cores de uma escala verde-vermelha no mapa do quiz de acordo com a % correta abaixo.
 
Estatísticas das Respostas
Resposta % Correto
Air China
95%
Malaysia Airlines
79%
Emirates
64%
Kenya Airways
59%
Lufthansa
49%
Air India
46%
TAP Air Portugal
46%
Cubana de Aviación
31%
Star Peru
28%
Air Canada
26%
Vietnam Airlines
26%
Aerolíneas Argentinas
23%
Aeromexico
23%
Air France
23%
Air New Zealand
23%
Air Tanzania
23%
Boliviana de Aviación
23%
British Airways
23%
Egyptair
23%
Ethiopian Airlines
23%
Garuda Indonesia
23%
Icelandair
23%
Korean Air
23%
Philippines Airlines
23%
Qatar Airways
23%
Royal Air Maroc
23%
Turkish Airlines
23%
Air Algerie
21%
Air Côte D'Ivoire
21%
Air Serbia
21%
All Nippon Airways
21%
Avianca
21%
Finnair
21%
ITA Airways
21%
Swiss
21%
Gol Linhas Aéreas
18%
Iberia
18%
KLM Royal Dutch
18%
South African Airways
18%
China Airlines
15%
Norwegian
15%
Delta Air Lines
13%
Ryanair
13%
Aeroflot
10%
Copa Airlines
10%
Latam Airlines
10%
TAAG
10%
Aegean Airlines
8%
Belavia
8%
LOT
8%
Qantas
8%
Wizz Air
8%
Air Peace
5%
Arajet
5%
Conviasa
5%
Hunnu Air
5%
Kam Air
3%
Nenhum quiz correspondente encontrado
Distribuição das Pontuações
Porcentagem de Pessoas com Cada Pontuação
Percentil de Números Respondidos
Sua Pontuação Histórica
Você não jogou esse quiz